Países não reconhecidos - Statistics

Estatísticas Gerais
  • Esse quiz foi jogado 267 vezes
  • A pontuação média é 9 de 16
Estatísticas das Respostas
Continente Era de / Briga com Status - reconhecimento País % Correto
Ásia Israel Pelo menos um membro da ONU Palestina
88%
Ásia República popular da China Pelo menos um membro da ONU República da China
80%
Ásia Chipre Pelo menos um membro da ONU República Turca do Chipre do Norte
78%
Europa Sérvia Pelo menos um membro da ONU Kosovo
75%
Ásia Taiwan Parcialmente não-reconhecido China
71%
Ásia Palestina Parcialmente não-reconhecido Israel
70%
África Marrocos Pelo menos um membro da ONU Saara Ocidental
70%
Ásia Coreia do Norte Parcialmente não-reconhecido Coreia do Sul
67%
África Somália Por não-integrantes da ONU Somalilândia
67%
Ásia Coreia do Sul Parcialmente não-reconhecido Coreia do Norte
66%
Ásia Chipre do Norte Parcialmente não-reconhecido Chipre
64%
Ásia Geórgia Pelo menos um membro da ONU Abecásia
48%
Ásia Geórgia Pelo menos um membro da ONU Ossétia do Sul
47%
Ásia Azerbaidjão Por não-integrantes da ONU Artsaque
25%
Ásia ----------------------------------- Parcialmente não-reconhecido Armênia
6%
Europa Moldávia Por não-integrantes da ONU Moldava Trandnieriana
5%
Nenhum quiz correspondente encontrado
Distribuição das Pontuações
Porcentagem de Pessoas com Cada Pontuação
Percentil de Números Respondidos
Sua Pontuação Histórica
Você não jogou esse quiz